Open Data Biblioteca Nacional de Portugal


República Portuguesa: Ministério da Cultura
Biblioteca Nacional de Portugal

Catálogo da BNP: acesso por Identificadores Unívocos
Registos Bibliográficos associados ao registo de autoridade

Etiqueta de registo: 00230nam 2200025 450
001 1811377
003 http://id.bnportugal.gov.pt/bib/catbnp/1811377
010 ## $a978-972-8586-26-3
021 ## $aPT$b336295/11
100 ## $a20120510d2011 m a0pory0103 ba
101 0# $apor$aeng
102 ## $aPT
105 ## $aa b 000yy
106 ## $ar
200 1# $aBronzes e Jades da China antiga$ecolecção José de Guimarães$dBronzes and Jades of ancient China$eJosé de Guimarães collection$fcoord. Rui Abreu Dantas$gtextos Elisabetta Colla, Nuno Faria, Rui Oliveira Lopes$gtrad., rev. Miguel Moore$zeng
210 #9 $aLisboa$cCentro Científico e Cultural de Macau,$dD.L. 2011
215 ## $a270 p.$cil.$d29 cm
305 ## $aEd. bilingue em português e inglês
320 ## $aBibliografia, p. 256-257
510 1# $aBronzes and Jades of ancient China$eJosé de Guimarães collection$zeng
675 ## $a739.5(315)(083.82)$vBN$zpor$31495526
675 ## $a061.4$vBN$zpor$3288771
702 #1 $aDantas,$bRui Abreu$4340$31447731
702 #1 $aDavid,$bElisabetta Colla Rosado Coelho$4070$31535612
702 #1 $aFaria,$bNuno,$f1971-$4070$31012968
702 #1 $aLopes,$bRui Oliveira,$f1979-$4070$31273315
702 #1 $aMoore,$bMiguel$4730$31147041
712 01 $aPortugal.$bCentro Científico e Cultural de Macau$4340$3281271
801 #0 $aPT$bBN$gRPC
856 41 $uhttp://rnod.bnportugal.gov.pt/ImagesBN/winlibimg.aspx?skey=&doc=1811377&img=8438&save=true
900 ## $aBIBNAC$d20120615
966 ## $lBN$mFGMON$sB.A. 34335 V.$x1
966 ## $lBN$mFGMON$sB.A. 34335 V.-D$x1

Etiqueta de registo: 00000nam 2200025 450
001 1841335
003 http://id.bnportugal.gov.pt/bib/catbnp/1841335
100 ## $a20130604d2012 k y0pory01030103ba
101 0# $apor
102 ## $aPT
105 ## $aa m 000yy
106 ## $ar
200 1# $aXiangshan Xianzhi e Aomen Jilüe$efontes locais para uma história cultural de Macau, (1661-1796)$fElisabetta Colla Rosado Coelho David$gorient. Jorge Manuel dos Santos Alves, Roderich Ptak
210 #9 $a[S.l.$cs.n.],$d2012
215 ## $a279, [2] f.$cil.$d30 cm
215 ## $a1 disco ótico (CD-ROM) em caixa$cil.$d13 x 14 x 1 cm
305 ## $aEd. impressa e em CD-ROM
320 ## $aBibliografia, f. 198-228
328 #1 $aTese dout. Estudos de Cultura, Fac. de Ciências Humanas, Univ. do Lisboa, 2012
512 1# $aXiangshan Xianzhi e Aomen Jilüe$efontes locais chinesas para uma história cultural de Macau, (1661-1796)
675 ## $a050(512.318)"1661/1796"(043)$vBN$zpor$31536465
675 ## $a94(512.318)"1661/1796"(043)$vBN$zpor$31536464
700 #1 $aDavid,$bElisabetta Colla Rosado Coelho$31535612
702 #1 $aAlves,$bJorge Santos,$f1964-$4727$376295
702 #1 $aPtak,$bRoderich$4727$3973554
801 #0 $aPT$bBN$gRPC
966 ## $lBN$mDEM$sH.G. 39553 P.$x1
966 ## $lBN$mFGMON$sH.G. 64803 V.$x1

Etiqueta de registo: 00254nam 2200025 450
001 2285524
003 http://id.bnportugal.gov.pt/bib/catbnp/2285524
010 ## $a978-972-8586-72-0
021 ## $aPT$b549757/25
100 ## $a20260429d2025 k y0pory01030103ba
101 0# $aeng
102 ## $aPT$aMO
105 ## $aa z 000yy
106 ## $ar
200 1# $aBeyond the seas$eroutes, traders and narratives of Macau and the South China Sea$fed. Arianna Magnani, Elisabetta Colla$gcoord. Carmen Amado Mendes, Isabel Murta Pina
210 #9 $aLisboa$cCentro Científico e Cultural de Macau ;$aMacau$cUniversidade de Macau,$d2025
215 ## $a342 p.$cil.$d23 cm
225 2# $aHistorical studies
702 #1 $aMagnani,$bArianna$4340$31997832
702 #1 $aDavid,$bElisabetta Colla Rosado Coelho$4340$31535612
702 #1 $aMendes,$bCarmen de Amado,$f1975?-$4340$31490032
702 #1 $aPina,$bIsabel Murta$4340$3979336
801 #0 $aPT$bBN$gRPC
966 ## $lBN$mFGMON$x1
966 ## $lBN$mFGMON$x1
971 ## $cssilva$d20260429

Etiqueta de registo: 00000nam 2200025 450
001 1911179
003 http://id.bnportugal.gov.pt/bib/catbnp/1911179
010 ## $a978-972-8586-40-9
021 ## $aPT$b384956/14
100 ## $a20150929d2014 m a0pory01030103ba
101 0# $apor$aeng$achi
102 ## $aPT
105 ## $aa b 000yy
106 ## $ar
200 1# $aPaz e serenidade$ecerâmicas Song da colecção Qingjingtang$dPeace and quietude$esong ceramics from the Qingjingtang collection$fcomis. Robert D. Mowry$gcoord. Rui Abreu Dantas$gtextos Elizabetta Colla, Robert D. Mowry$gfot. João Silveira Ramos$gtrad. Ana Catarina Leite... [et al.]$g[org. Centro Científico e Cultural de Macau]$zeng
210 #9 $aLisboa$cCentro Científico e Cultural de Macau$cFundação Jorge Álvares,$dD.L. 2014
215 ## $a374 p. a 2 colns$cil.$d32 cm
305 ## $aEd. trilingue em português, inglês e chinês
510 1# $aPeace and quietude$esong ceramics from the Qingjingtang collection$zeng
675 ## $a069.5(469.411)$vBN$zpor$3470784
675 ## $a738.1(=1:510)"08/13"(083.82)$vBN$zpor$31622235
702 #1 $aMowry,$bRobert D.$4273$31621885
702 #1 $aDantas,$bRui Abreu$4340$31447731
702 #1 $aDavid,$bElisabetta Colla Rosado Coelho$4070$31535612
702 #1 $aRamos,$bJoão Silveira$4600$3104207
702 #1 $aLeite,$bAna Cristina,$f1959-$4730$357368
712 01 $aPortugal.$bCentro Científico e Cultural de Macau$4273$3281271
801 #0 $aPT$bBN$gRPC
856 41 $uhttp://rnod.bnportugal.gov.pt/ImagesBN/winlibimg.aspx?skey=&doc=1911179&img=66115&save=true
900 ## $aBIBNAC$d20151020
966 ## $lBN$mFGMON$sP. 4497 A.$x1
966 ## $lBN$mFGMON$sP. 4497 A.-D$x1

Etiqueta de registo: 00000nam 2200025 450
001 2040783
003 http://id.bnportugal.gov.pt/bib/catbnp/2040783
100 ## $a20200213d2019 k y0pory01030103ba
101 0# $apor$deng
102 ## $aPT
105 ## $ay m 000yy
106 ## $ar
200 1# $aEstudo comparativo de provérbios e idiomatismos chineses e portugueses com animais$eabordagem cognitivo-cultural$fLiao Yiran$gorient. Maria Clotilde de Valle-Flor Telles de Freitas Almeida, Elisabetta Colla Rosado Coelho David
210 #9 $aLisboa$c[s.n.],$d2019
215 ## $aXVI, 275, [3] p.$d30 cm
328 #1 $aTese dout. Estudos de Literatura e Cultura (Cultura e Comunicação), Fac. de Letras, Univ. de Lisboa, 2019
675 ## $a811.581'373(043)$vBN$zpor$31294537
675 ## $a398.9(469+510)(043)$vBN$zpor$31890982
675 ## $a811.134.3'373(043)$vBN$zpor$3558582
700 #0 $aLiao,$bYiran$31776495
702 #1 $aAlmeida,$bMaria Clotilde,$f1956-$4727$3248998
702 #1 $aDavid,$bElisabetta Colla Rosado Coelho$4727$31535612
801 #0 $aPT$bBN$gRPC
966 ## $lBN$mFGMON$sL. 151054 V.$x1

Etiqueta de registo: 00254nam 2200025 450
001 2271673
003 http://id.bnportugal.gov.pt/bib/catbnp/2271673
010 ## $a978-989-8068-53-8
021 ## $aPT$b541229/24
100 ## $a20260225d2024 m y0pory01030103ba
101 1# $apor$cchi
102 ## $aPT
105 ## $ay z 000yy
106 ## $ar
200 1# $aDiálogos$fConfúcio$gtrad. e notas de Elisabetta Colla$gcomis. cientifica António Barrento, Roderich Ptak
210 #9 $aLisboa$cCentro de História da Universidade de Lisboa,$d2024
215 ## $a293 p.$d23 cm
675 ## $a821.581-83"-05/-04"$vBN$zpor$31988336
675 ## $a808.2$vBN$zpor$3288933
675 ## $a1Confúcio(042)$vBN$zpor$31988341
675 ## $a221.7Confucionismo(510)(042)$vBN$zpor$31988344
700 #0 $aConfúcio,$f551-479 a.C.$334692
702 #1 $aDavid,$bElisabetta Colla Rosado Coelho$4730$31535612
702 #1 $92$aBarrento,$bAntónio$4695$31218470
702 #1 $aPtak,$bRoderich$4695$3973554
801 #0 $aPT$bBN$gRPC
856 41 $uhttp://rnod.bnportugal.gov.pt/ImagesBN/winlibimg.aspx?skey=&doc=2271673&img=219810&save=true
900 ## $aBIBNAC$d20260311
966 ## $lBN$mFGMON$sL. 180869 V.$x1
966 ## $lBN$mFGMON$sL. 180869 V.-D$x1
971 ## $ccsilva$d20260225
972 ## $e0$z0$d20260311$vasantos
973 ## $csteixeira$d20260302
975 ## $e0$d20260316$viquintas

OpendataBNP@bnportugal.pt | Mais informação sobre acesso aos dados BNP